Terrorism in South Asia : (Record no. 90554)

MARC details
000 -LEADER
fixed length control field 00715nam a22002177a 4500
005 - DATE AND TIME OF LATEST TRANSACTION
control field 20150107114147.0
010 ## - LCCN (DPL NO)
LC control number ENG-111498
020 ## - INTERNATIONAL STANDARD BOOK NUMBER
International Standard Book Number 9788174878724
Terms of availability 1250.00
020 ## - INTERNATIONAL STANDARD BOOK NUMBER
International Standard Book Number 8174878726
Terms of availability 1250.00
035 ## - SYSTEM CONTROL NUMBER
System control number EN-95030
037 ## - SOURCE OF ACQUISITION
Source of stock number/acquisition DBAD/PUB
082 ## - DEWEY DECIMAL CLASSIFICATION NUMBER
Classification number 363.3250954
245 ## - TITLE STATEMENT
Title Terrorism in South Asia :
Statement of responsibility, etc edited by Rajendra Prasad [and] Satish Chandra Pandey
Remainder of title issues,challenges and responses /
260 ## - PUBLICATION, DISTRIBUTION, ETC. (IMPRINT)
Place of publication, distribution, etc New Delhi
Name of publisher, distributor, etc Radha Publications
Date of publication, distribution, etc 2014
270 ## - ADDRESS
Address 4231/1,Ansari Road,Daryaganj
City New Delhi
Postal code 110002
300 ## - PHYSICAL DESCRIPTION
Extent xviii,524p.
Dimensions 22cm(Hb)
500 ## - GENERAL NOTE
General note Includes index
700 ## - ADDED ENTRY--PERSONAL NAME
Personal name Rajendra Prasad
700 ## - ADDED ENTRY--PERSONAL NAME
Personal name Pandey,Satish Chandra
942 ## - ADDED ENTRY ELEMENTS (KOHA)
Source of classification or shelving scheme Dewey Decimal Classification
Item type English Books
Call number suffix TER
Classification part 363.3250954
Holdings
Withdrawn status Lost status Not for loan Collection code Home library Current library Date acquired Source of acquisition Cost, normal purchase price Full call number Barcode Copy number Cost, replacement price Koha item type
    Not For Loan Non-fiction D.B.Act.Division D.B.Act.Division 06/01/2015 DBAD / PUB 1250.00 363.3250954 TER EN-95030 1 1250.00 English Books

© Delhi Public Library
Hit Counter
free hit counter